Фотопроект Мастер и Маргарита (Запись № 955985)

Подробности
000 -МАРКЕР
контрольное поле 01787nam0a2200349 4500
001 - ИДЕНТИФИКАТОР ЗАПИСИ
контрольное поле RU\NLR\bibl\1364663
005 - ИДЕНТИФИКАТОР ВЕРСИИ
контрольное поле 20260409080826.0
010 ## - МЕЖДУНАРОДНЫЙ СТАНДАРТНЫЙ НОМЕР КНИГИ (ISBN)
Номер (ISBN) 978-5-91002-027-0
021 ## - НОМЕР ГОСУДАРСТВЕННОЙ РЕГИСТРАЦИИ
Код страны Российская Федерация
Номер 2009-868и
Номер Листа государственной регистраци 49и
035 ## - ДРУГИЕ СИСТЕМНЫЕ НОМЕРА
Идентификатор записи (NLR Aleph) 001356820
100 ## - ДАННЫЕ ОБЩЕЙ ОБРАБОТКИ
Данные общей обработки 20090505d2009 |||y0rusy50 ca
101 0# - ЯЗЫК РЕСУРСА
Язык текста, звукозаписи и т.д. русский
102 ## - СТРАНА ПУБЛИКАЦИИ ИЛИ ПРОИЗВОДСТВА
Страна публикации Российская Федерация
105 ## - ПОЛЕ КОДИРОВАННЫХ ДАННЫХ: ТЕКСТОВЫЕ МАТЕРИАЛЫ, МОНОГРАФИЧЕСКИЕ
Кодированные данные о монографическом текстовом документе a |||||||||
200 1# - ЗАГЛАВИЕ И СВЕДЕНИЯ ОБ ОТВЕТСТВЕННОСТИ
Основное заглавие Фотопроект Мастер и Маргарита
Сведения, относящиеся к заглавию иллюстрации к роману Михаила Булгакова
Первые сведения об ответственности фот. Жан-Даниэль Лорье
210 ## - ПУБЛИКАЦИЯ, РАСПРОСТРАНЕНИЕ И ДР.
Место издания, распространения и т.д. Москва
Имя издателя, распространителя и т. д. Книги WAM
Дата издания, распространения и т.д. 2009
215 ## - ФИЗИЧЕСКАЯ ХАРАКТЕРИСТИКА
Специфическое обозначение материала и объем 168 с.
Другие сведения о физической характеристике ил., цв. ил., портр. в футляре
Размеры 15х29
300 ## - ОБЩИЕ ПРИМЕЧАНИЯ
Текст примечания В конце кн. авт.: Ж.-Д. Лорье, известный фр. фот. моды
300 ## - ОБЩИЕ ПРИМЕЧАНИЯ
Текст примечания На обл. авт. не указан
500 ## - УНИФИЦИРОВАННОЕ ЗАГЛАВИЕ
Унифицированное заглавие Мастер и Маргарита
Системный номер авторитетной/нормативной записи 2631756
Идентификатор авторитетной / нормативной записи RU\NLR\auth\559755
600 #1 - ИМЯ ЛИЦА КАК ПРЕДМЕТ
Начальный элемент ввода Лорье
Часть имени, кроме начального элемента ввода Ж.Д.
Расширение инициалов личного имени Жан Даниэль
Системный номер авторитетной/нормативной записи 2569099
Идентификатор авторитетной/нормативной записи RU\NLR\auth\661519319
604 ## - ИМЯ И ЗАГЛАВИЕ КАК ПРЕДМЕТ
Связываемые данные 700#1$aБулгаков$gМихаил Афанасьевич$bМ. А.$f1891 - 1940
-- 50010$a"Мастер и Маргарита"$xИллюстрации$2nlr_sh2$3RU\NLR\AUTH\66171433
Идентификатор авторитетной/нормативной записи RU\NLR\AUTH\66171433
Имя лица Булгаков, Михаил Афанасьевич (1891 - 1940)
Заглавие "Мастер и Маргарита"
Тематический подзаголовок Иллюстрации
Системный номер авторитетной/нормативной записи 1207885
686 ## - ИНДЕКСЫ ДРУГИХ КЛАССИФИКАЦИЙ
Индекс Ш5(2=Р)7-4Булгаков
686 ## - ИНДЕКСЫ ДРУГИХ КЛАССИФИКАЦИЙ
Индекс Щ163(4Фр)6-8Лорье
700 #1 - ИМЯ ЛИЦА - ПЕРВИЧНАЯ ОТВЕТСТВЕННОСТЬ
Начальный элемент ввода Лорье
Часть имени, кроме начального элемента ввода Ж. -Д.
Расширение инициалов личного имени Жан-Даниэль
Код отношения Автор
702 #1 - ИМЯ ЛИЦА - ВТОРИЧНАЯ ОТВЕТСТВЕННОСТЬ
Графика поля Кириллица
Материалы, к которым относится поле rus
Начальный элемент ввода Булгаков
Часть имени, кроме начального элемента ввода М. А.
Даты 1891-1940
Расширение инициалов личного имени Михаил Афанасьевич
Системный номер авторитетной/нормативной записи 113525
Идентификатор авторитетной/нормативной записи RU\NLR\auth\773529
801 #0 - ИСТОЧНИК ЗАПИСИ
Страна Российская Федерация
Организация NLR
Дата составления 20090505
Правила каталогизации RCR
801 #1 - ИСТОЧНИК ЗАПИСИ
Страна Российская Федерация
Организация NLR
Дата составления 20090505
942 ## - ДОПОЛНИТЕЛЬНЫЕ ЭЛЕМЕНТЫ ЗАПИСИ (АБИС)
Тип экземпляра АБИС Книга
980 ## - КОЛЛЕКЦИЯ
Название коллекции Национальная библиография
Экземпляры
Тип экземпляра Дата поступления Источник поступления Библиотека постоянного хранения Библиотека текущего хранения Место хранения Шифр хранения Штрих-код Статус экземпляра
Книга 05.05.2009 Обязательный экземпляр РНБ (Садовая) РНБ (Садовая) Фонд эстампов и фотографий (изоизданий) Э АлИс588,1/2-Л789 2913106  
Книга 05.05.2009 Обязательный экземпляр РНБ (Садовая) РНБ (Садовая) Фонд эстампов и фотографий (изоизданий) Э АлИс588,1/2-Л789 2913108